| 000 | 01780cam a2200361 a 4500 | ||
|---|---|---|---|
| 001 | 2142568 | ||
| 003 | OSt | ||
| 005 | 20151008094423.0 | ||
| 008 | 980512s1998 cau b 000 0 eng | ||
| 010 | _a 98025309 | ||
| 020 | _a0803966229 (cloth : acidfree paper) | ||
| 020 | _a0803962703 (pbk. : acidfree paper) | ||
| 040 |
_aDLC _cDLC _dDLC |
||
| 043 | _an-us--- | ||
| 050 | 0 | 0 |
_aLB3060.83 _b.L63 1998 |
| 082 | 0 | 0 |
_a379.1/58/0973 _221 |
| 100 | 1 | _aLockwood, Anne Turnbaugh. | |
| 245 | 1 | 0 |
_aStandards : _bfrom policy to practice / _cAnne Turnbaugh Lockwood. |
| 260 |
_aThousand Oaks, Calif. : _bCorwin Press, _cc1998. |
||
| 300 |
_avii, 62 p. ; _c23 cm. |
||
| 440 | 0 | _aControversial issues in education | |
| 504 | _aIncludes bibliographical references (p. 60-62). | ||
| 505 | 0 | _aStandards in the context of democracy / Thomas A. Romberg -- Standards-based mathematics reform in practice / Diane J. Briars -- Equity in the standards movement / Walter G. Secada -- Standards for English language learners / Deborah J. Short -- ESL standards enacted / Maria Helena Malagón. | |
| 650 | 0 |
_aEducation _xStandards _zUnited States. |
|
| 650 | 0 |
_aMathematics _xStudy and teaching _xStandards _zUnited States. |
|
| 650 | 0 |
_aLanguage arts _xStandards _xUnited States. |
|
| 856 | 4 | 2 |
_3Publisher description _uhttp://www.loc.gov/catdir/enhancements/fy0656/98025309-d.html |
| 856 | 4 | 1 |
_3Table of contents only _uhttp://www.loc.gov/catdir/enhancements/fy0656/98025309-t.html |
| 856 | 4 | 2 |
_3Contributor biographical information _uhttp://www.loc.gov/catdir/enhancements/fy0740/98025309-b.html |
| 906 |
_a7 _bcbc _corignew _d1 _eocip _f19 _gy-gencatlg |
||
| 942 |
_2lcc _cSB |
||
| 999 |
_c250311 _d250311 |
||